01512nam0a22002291 4500001001100000005001700011021001900028035002600047100004100073101000800114102000700122105001800129200062400147210003800771215001500809606009400824606010700918710019101025801001801216801002201234852002601256rc\411889820250611100401.0 aRUb[55-23272] a(NLR Aleph) 008150983 a20130415d1955 |||y0rusy50 ca0 arus aRU ay z |||||1 aТезисы докладовfВсесоюз. о-во по распространению полит. и науч. знаний. Ленингр. дом науч.-техн. пропаганды. Ленингр. ин-т гигиены труда и профзаболеваний. Ленингр. отд-ние Всесоюз. науч. инж.-техн. о-ва литейщиков. Всесоюз. науч.-исслед. ин-т охраны труда ВЦСПС г. Ленинграда. Науч.-техн. сессия "Оздоровление условий труда в литейных цехах" aЛенинградcБ. и.d1955 a20 с.d21 aЛитейные цехиxОхрана трудаjТезисы докладов2psbo aЛитейные цехиxСанитария и гигиенаjТезисы докладов2psbo12a"Оздоровление условий труда в литейных цехах", научно-техническая сессияeЛенинградf19553RU\NLR\AUTH\880610274 0aRUbNLRgpsbo 1aRUbELAR2rusmarc aNLRjМд96 Г-4/2358